| 000 | 01893nam a2200205Ii 4500 | ||
|---|---|---|---|
| 008 | 221202s xx 000 0 und d | ||
| 100 | 1 |
_aWeiss, Holger, _eauthor |
|
| 245 | 2 | _aA Global Radical Waterfront | |
| 246 | _aThe International Propaganda Committee of Transport Workers and the International of Seamen and Harbour Workers, 1921:1937 | ||
| 264 |
_bBrill _c2021 |
||
| 300 | _a1 online resource (524 pages) | ||
| 336 |
_atext _btxt _2rdacontent |
||
| 337 |
_acomputer _bc _2rdamedia |
||
| 338 |
_aonline resource _bcr _2rdacarrier |
||
| 490 |
_aStudies in Global Social History _v43 |
||
| 520 | _aThis volume investigates the ambition of the Red International of Labour Unions to radicalize the global waterfront during the interwar period. The main vehicle was the International Propaganda Committee of Transport Workers, replaced in 1930 by the International of Seamen and Harbour Workers as well as their agitation and propaganda centres, the International Harbour Bureaus and the International Seamen's Clubs. The book scrutinizes their solidarity campaigns in support of local and national strikes as well as on their agitation against discrimination, segregation and racism within the unions, their demands to organize non-white maritime transport workers, and their calls for engagement in anti-fascist, anti-war and anti-imperialist actions. Readership: All interested in global labour history and labour radicalism and militancy, the history of the Comintern/Red International of Labour Unions/Profintern, global history of the interwar period, history of antifascism, anti-imperialism, and anti-colonialism, as well as global maritime history. | ||
| 653 | _aGeneral And World History | ||
| 856 |
_uhttps://docs.google.com/spreadsheets/d/1yKIrdCPDAG_9c22mwoOIO2DOhtj65Wqa/edit?usp=sharing&ouid=106555315294820607512&rtpof=true&sd=true _yList of Curated E-Books |
||
| 942 | _cE-BOOK | ||
| 999 |
_c91283 _d91280 |
||